000 00461nam a2200157Ia 4500
005 20250528012122.0
008 240331s9999 xx 000 0 und d
020 _a9789555737203
082 _bJAY
_a6299
100 _aJayatunge,R.M
245 0 _aPrabhakaran sadakaya pilibanda manovidyathmaka vishleshanayak
260 _aNugegoda
_bSarasavi publishers
_c2008
300 _a185 p .,
500 _aA psychological analysis of the prabhakaran factor
942 _cL
999 _c5230
_d5230